[Event "SVK-chT3A2 1617"]
[Site "Slovakia"]
[Date "2017.02.05"]
[Round "8.3"]
[White "Ivan, Imrich"]
[Black "Palka, Miroslav"]
[Result "0-1"]
[WhiteElo "1997"]
[BlackElo "1929"]
[PlyCount "70"]
[EventDate "2016.10.16"]
[EventType "team-tourn"]
[EventRounds "11"]
[EventCountry "SVK"]
[SourceTitle "EXT 2020"]
[Source "ChessBase"]
[SourceDate "2019.10.17"]
[SourceVersion "1"]
[SourceVersionDate "2019.10.17"]
[SourceQuality "1"]
[WhiteTeam "Potonska Veza II"]
[BlackTeam "Senica SK"]
[WhiteTeamCountry "SVK"]
[BlackTeamCountry "SVK"]

1. Nf3 Nf6 2. b3 g6 3. Bb2 Bg7 4. e3 d5 5. c4 e6 6. d4 0-0 7. Bd3 b6 8. 0-0 Bb7 9. Ne5 Nbd7 10. f4 c5 11. dxc5 Nxc5 12. Be2 Nfd7 13. Nd2 Nxe5 14. Bxe5 Bxe5 15. fxe5 Qg5 16. Nf3 Qxe3+ 17. Kh1 dxc4 18. bxc4 Rad8 19. Qe1 Ne4 20. Bd1 Qxe1 21. Rxe1 Nf2+ 22. Kg1 Nxd1 23. Rexd1 Bxf3 24. gxf3 Rxd1+ 25. Rxd1 Rc8 26. Rc1 Rc5 27. f4 b5 28. Rb1 bxc4 29. Kf2 c3 30. Ke3 Ra5 31. Kd3 Rxa2 32. Kxc3 Rxh2 33. Ra1 Rh4 34. Ra4 g5 35. Rxa7 Rxf4 0-1

[Event "SVK-chT4 A22 1516"]
[Site "Slovakia"]
[Date "2015.11.22"]
[Round "4.1"]
[White "Ivan, Imrich"]
[Black "Markuliak, Mario"]
[Result "0-1"]
[WhiteElo "2039"]
[BlackElo "1845"]
[PlyCount "78"]
[EventDate "2015.10.04"]
[EventType "team-tourn"]
[EventRounds "11"]
[EventCountry "SVK"]
[SourceTitle "EXT 2020"]
[Source "ChessBase"]
[SourceDate "2019.10.17"]
[SourceVersion "1"]
[SourceVersionDate "2019.10.17"]
[SourceQuality "1"]

1. Nf3 d6 2. d4 Nd7 3. b3 e5 4. dxe5 Nxe5 5. Bb2 Nxf3+ 6. exf3 Nf6 7. Be2 Be7 8. 0-0 Be6 9. Bd3 Qd7 10. Nd2 0-0-0 11. Re1 h5 12. b4 Nd5 13. b5 Nf4 14. Bf1 h4 15. c4 Rh6 16. Qa4 Kb8 17. c5 dxc5 18. Qxf4 Qxd2 19. Qxd2 Rxd2 20. Bc1 Rd4 21. Bxh6 gxh6 22. a4 c4 23. Re4 Bf6 24. Rxd4 Bxd4 25. Re1 c3 26. Bd3 Kc8 27. Bc2 Bf6 28. g4 hxg3 29. hxg3 Kd7 30. g4 Kd6 31. Kg2 Kc5 32. Kg3 Kb4 33. Kf4 Ka3 34. Ke4 Bc4 35. Bd3 Bb3 36. Re2 Bd1 37. Re3 Kb2 38. Kf5 Bd4 39. Re4 c2 0-1

[Event "SVK-chT2A 1516"]
[Site "Slovakia"]
[Date "2015.11.08"]
[Round "4.6"]
[White "Stetina, Erik"]
[Black "Ivan, Imrich"]
[Result "1-0"]
[WhiteElo "2014"]
[BlackElo "2026"]
[PlyCount "60"]
[EventDate "2015.10.17"]
[EventType "team-tourn"]
[EventRounds "11"]
[EventCountry "SVK"]
[SourceTitle "CBM 169 Extra"]
[Source "ChessBase"]
[SourceDate "2015.12.18"]
[SourceVersion "1"]
[SourceVersionDate "2015.12.18"]
[SourceQuality "1"]
[WhiteTeam "Trnava Lokomotiva II"]
[BlackTeam "Velky Meder"]
[WhiteTeamCountry "SVK"]
[BlackTeamCountry "SVK"]

1. e4 e6 2. d4 d5 3. e5 c5 4. c3 Nc6 5. Nf3 Qb6 6. Bd3 cxd4 7. cxd4 Bd7 8. 0-0 Nxd4 9. Nbd2 Nxf3+ 10. Nxf3 Ne7 11. Be3 Qa5 12. b4 Qd8 13. b5 Ng6 14. g3 Be7 15. h4 f5 16. h5 Nf8 17. Nd4 h6 18. g4 Bc5 19. Nxf5 b6 20. Bxc5 bxc5 21. Nd6+ Ke7 22. Qf3 Be8 23. Qe3 c4 24. Qc5 Kd7 25. Nf5 exf5 26. Bxf5+ Ne6 27. Qd6+ Kc8 28. Bxe6+ Bd7 29. Qxd5 Bxe6 30. Qxa8+ Kc7 1-0

[Event "SVK-chT2A 1516"]
[Site "Slovakia"]
[Date "2015.10.18"]
[Round "2.6"]
[White "Ivan, Imrich"]
[Black "Macko, Peter"]
[Result "1-0"]
[WhiteElo "2026"]
[BlackElo "2136"]
[PlyCount "75"]
[EventDate "2015.10.17"]
[EventType "team-tourn"]
[EventRounds "11"]
[EventCountry "SVK"]
[SourceTitle "CBM 169 Extra"]
[Source "ChessBase"]
[SourceDate "2015.12.18"]
[SourceVersion "1"]
[SourceVersionDate "2015.12.18"]
[SourceQuality "1"]
[WhiteTeam "Velky Meder"]
[BlackTeam "Bratislava KSN"]
[WhiteTeamCountry "SVK"]
[BlackTeamCountry "SVK"]

1. Nf3 d5 2. d4 c5 3. c3 e6 4. Bf4 Nf6 5. e3 Be7 6. Ne5 Nbd7 7. Bd3 Nxe5 8. Bxe5 0-0 9. 0-0 Qb6 10. b3 Bd7 11. Nd2 Rac8 12. Rc1 cxd4 13. cxd4 Rxc1 14. Qxc1 Rc8 15. Qb1 Bb5 16. Bxb5 Qxb5 17. Rc1 Rc6 18. Bxf6 Bxf6 19. g3 g6 20. Kg2 Kg7 21. Rxc6 Qxc6 22. Qd3 Qc1 23. Nf3 Qa3 24. Qc2 b6 25. h4 Kg8 26. g4 Be7 27. h5 Kg7 28. Qc7 f6 29. g5 fxg5 30. Nxg5 Qd6 31. h6+ Kg8 32. Qc8+ Bf8 33. Nxe6 Qe7 34. Kg3 Qf6 35. Qxf8+ Qxf8 36. Nxf8 Kxf8 37. Kf4 Ke7 38. Ke5 1-0

[Event "SVK-chT4 A22 1516"]
[Site "Slovakia"]
[Date "2015.10.04"]
[Round "1.1"]
[White "Bogi, Timea"]
[Black "Ivan, Imrich"]
[Result "0-1"]
[WhiteElo "1605"]
[BlackElo "2039"]
[PlyCount "62"]
[EventDate "2015.10.04"]
[EventType "team-tourn"]
[EventRounds "11"]
[EventCountry "SVK"]
[SourceTitle "EXT 2020"]
[Source "ChessBase"]
[SourceDate "2019.10.17"]
[SourceVersion "1"]
[SourceVersionDate "2019.10.17"]
[SourceQuality "1"]

1. e4 e6 2. f4 d5 3. exd5 exd5 4. Nf3 c5 5. d4 Nc6 6. Be2 Qb6 7. c3 cxd4 8. Nxd4 Nxd4 9. Qxd4 Bc5 10. Qd3 Bd7 11. a4 Bf2+ 12. Kf1 Bh4 13. g3 Be7 14. Kg2 Nh6 15. Nd2 Bc6 16. Re1 0-0 17. Nf3 g6 18. h3 Nf5 19. Nd4 Nxd4 20. Qxd4 Bc5 21. Qd3 a5 22. Bf3 f6 23. Bg4 Rad8 24. Re2 f5 25. Bf3 Rfe8 26. Rxe8+ Rxe8 27. Bd2 Be3 28. Bxe3 Rxe3 29. Qc2 Qc5 30. b4 axb4 31. cxb4 Qxc2+ 0-1

[Event "Senica op 6th"]
[Site "Senica"]
[Date "2015.08.29"]
[Round "4"]
[White "Sukdolak, Radek"]
[Black "Ivan, Imrich"]
[Result "1-0"]
[WhiteElo "1866"]
[BlackElo "2070"]
[PlyCount "85"]
[EventDate "2015.08.27"]
[EventType "swiss"]
[EventRounds "7"]
[EventCountry "SVK"]
[SourceTitle "EXT 2016"]
[Source "ChessBase"]
[SourceDate "2015.10.08"]
[SourceVersion "1"]
[SourceVersionDate "2015.10.08"]
[SourceQuality "1"]

1. d4 e6 2. c4 b6 3. Nc3 Bb7 4. Nf3 f5 5. Bg5 Be7 6. Bxe7 Nxe7 7. e3 0-0 8. g3 g5 9. Bg2 g4 10. Nh4 Bxg2 11. Nxg2 Ng6 12. h3 Qg5 13. Nf4 Nxf4 14. gxf4 Qh4 15. Qe2 Kh8 16. 0-0-0 g3 17. Qf3 Nc6 18. fxg3 Qe7 19. g4 Qb4 20. gxf5 Qxc4 21. fxe6 dxe6 22. Qe2 Qb4 23. Qb5 Qd6 24. Rhg1 Rf5 25. Qe2 Qe7 26. Rg3 Rff8 27. Rdg1 Qf6 28. Qg2 Ne7 29. Ne4 Qf5 30. Rg5 Rg8 31. Rxf5 Rxg2 32. Rf8+ Rxf8 33. Rxg2 Nd5 34. Kd2 a5 35. a3 Re8 36. h4 h6 37. Rg6 Kh7 38. h5 Re7 39. Nf6+ Nxf6 40. Rxf6 Kg7 41. Rg6+ Kh7 42. Kd3 c5 43. a4 1-0

[Event "SVK-chT4 A22 1415"]
[Site "Slovakia"]
[Date "2015.03.01"]
[Round "10.1"]
[White "Ivan, Imrich"]
[Black "Holicky, Miroslav"]
[Result "1-0"]
[WhiteElo "2070"]
[BlackElo "1807"]
[PlyCount "103"]
[EventDate "2014.10.12"]
[EventType "team-tourn"]
[EventRounds "11"]
[EventCountry "SVK"]
[SourceTitle "EXT 2019"]
[Source "ChessBase"]
[SourceDate "2018.10.10"]
[SourceVersion "1"]
[SourceVersionDate "2018.10.10"]
[SourceQuality "1"]

1. Nf3 b5 2. g3 Bb7 3. Bg2 Nf6 4. 0-0 e6 5. b3 Be7 6. Bb2 0-0 7. d4 c5 8. Nbd2 Nc6 9. dxc5 Bxc5 10. c4 b4 11. Bxf6 gxf6 12. Ne4 Be7 13. Nd6 Qc7 14. Nxb7 Qxb7 15. Qd2 Qc7 16. Rfd1 Rad8 17. Rac1 Qa5 18. e4 Kh8 19. Qb2 d6 20. Rd2 Rd7 21. c5 Rfd8 22. cxd6 Rxd6 23. Rxd6 Rxd6 24. h4 Kg7 25. Nd2 Ne5 26. Nc4 Nxc4 27. Rxc4 Ra6 28. Qe2 Rd6 29. Kh2 Rd8 30. Rc2 Kh8 31. Rc6 Qe5 32. f4 Qd4 33. Qh5 Qf2 34. Qf3 Qxf3 35. Bxf3 Rd2+ 36. Kh3 Bd8 37. Rc8 Kg7 38. Rb8 Bb6 39. Rb7 f5 40. exf5 exf5 41. Bh5 Bg1 42. Rxf7+ Kg8 43. Rxf5 Rxa2 44. Rb5 a5 45. Rb7 Rd2 46. Bf7+ Kh8 47. h5 Kg7 48. Bg6+ Kf6 49. Bxh7 Rh2+ 50. Kg4 Bd4 51. Bg8 Bf2 52. Bd5 1-0

[Event "SVK-chT4 A22 1415"]
[Site "Slovakia"]
[Date "2014.11.23"]
[Round "4.1"]
[White "Janas, Peter"]
[Black "Ivan, Imrich"]
[Result "0-1"]
[WhiteElo "1736"]
[BlackElo "2070"]
[PlyCount "148"]
[EventDate "2014.10.12"]
[EventType "team-tourn"]
[EventRounds "11"]
[EventCountry "SVK"]
[SourceTitle "EXT 2019"]
[Source "ChessBase"]
[SourceDate "2018.10.10"]
[SourceVersion "1"]
[SourceVersionDate "2018.10.10"]
[SourceQuality "1"]

1. d4 e6 2. c4 Nf6 3. Nf3 Be7 4. Nc3 d5 5. e3 0-0 6. Be2 Ne4 7. Qc2 f5 8. Ne5 c6 9. 0-0 Nd7 10. f4 Nxe5 11. dxe5 b6 12. Bd2 Bb7 13. Rad1 Kh8 14. Be1 Qe8 15. Nxe4 fxe4 16. b4 Rc8 17. a3 c5 18. Qb3 b5 19. cxd5 c4 20. Qc3 Bxd5 21. f5 Bg5 22. f6 Qg6 23. h4 Bh6 24. Kh2 gxf6 25. exf6 Rf7 26. g4 Bf8 27. Bg3 h6 28. Bf4 Rc6 29. h5 Qh7 30. Kh3 Bd6 31. Bxd6 Rxd6 32. Qe5 Rd8 33. Rf4 Qg8 34. Rf2 Re8 35. Rg1 Qg5 36. Qc3 Ref8 37. Rgf1 Bc6 38. Rf4 Bd7 39. Rxe4 Rxf6 40. Rxf6 Rxf6 41. Rf4 e5 42. Rxf6 Qxf6 43. Kg3 Bc6 44. Qb2 Kg8 45. Qc3 Qd6 46. Kf2 Qd5 47. Ke1 Kf7 48. Qc2 Qh1+ 49. Kd2 Be4 50. Qd1 Qxd1+ 51. Bxd1 Kf6 52. a4 a6 53. axb5 axb5 54. Kc3 Kg5 55. Kd2 Bc6 56. Kc3 Kh4 57. Bc2 Kxg4 58. Bg6 Kg5 59. Kd2 Kf6 60. Kc3 Ke7 61. Bc2 Be8 62. Be4 Bxh5 63. Kd2 Be8 64. Kc3 h5 65. Kd2 h4 66. Ke2 Kf6 67. Bb7 Bd7 68. Bf3 Kg5 69. Be4 h3 70. Bh1 Kh4 71. Kf2 Be8 72. Be4 c3 73. Kf3 Bc6 74. Bxc6 c2 0-1

[Event "SVK-chT3A2 1314"]
[Site "Slovakia"]
[Date "2013.11.10"]
[Round "3.3"]
[White "Kocak, Branislav"]
[Black "Ivan, Imrich"]
[Result "0-1"]
[WhiteElo "1912"]
[BlackElo "2071"]
[PlyCount "108"]
[EventDate "2013.10.13"]
[EventType "team-tourn"]
[EventRounds "11"]
[EventCountry "SVK"]
[SourceTitle "EXT 2015"]
[Source "ChessBase"]
[SourceDate "2014.11.20"]
[SourceVersion "1"]
[SourceVersionDate "2014.11.20"]
[SourceQuality "1"]
[WhiteTeam "Gbely Nafta"]
[BlackTeam "Velky Meder MSK Corvin"]
[WhiteTeamCountry "SVK"]
[BlackTeamCountry "SVK"]

1. d4 e6 2. c4 Nf6 3. Nc3 d5 4. Bg5 Be7 5. e3 0-0 6. Nf3 c6 7. Ne5 Ne4 8. Bxe7 Qxe7 9. Bd3 f5 10. 0-0 Nd7 11. f4 Nxe5 12. fxe5 Bd7 13. Bxe4 fxe4 14. cxd5 cxd5 15. Qd2 Qg5 16. Rxf8+ Rxf8 17. Rf1 Rxf1+ 18. Kxf1 h5 19. Qf2 b5 20. a3 a5 21. Na2 b4 22. axb4 Bb5+ 23. Ke1 Bc4 24. Nc1 axb4 25. b3 Bb5 26. Qd2 Qe7 27. Na2 Qf8 28. Qf2 Qa8 29. Qd2 Bd3 30. Nxb4 Qa1+ 31. Qd1 Qc3+ 32. Qd2 Qxb3 33. Kf2 Bb5 34. h4 Qb1 35. Nc2 Qf1+ 36. Kg3 Qf5 37. Qf2 Qg4+ 38. Kh2 Bd3 39. Ne1 Kh7 40. g3 Qd1 41. Ng2 Be2 42. Qe1 Qc2 43. Qf2 Qc4 44. Nf4 Bg4 45. Nh3 Kg6 46. Ng5 Bf5 47. Nh3 Qc1 48. Nf4+ Kh6 49. Ng2 Bg4 50. Ne1 Qd1 51. Kg2 Kg6 52. Kh2 Bf3 53. Kh3 Kf5 54. Ng2 Qh1# 0-1

[Event "SVK-chT4 A22 1213"]
[Site "Slovakia"]
[Date "2012.12.16"]
[Round "5.1"]
[White "Liptak, Tomas"]
[Black "Ivan, Imrich"]
[Result "1-0"]
[WhiteElo "2082"]
[BlackElo "2086"]
[PlyCount "93"]
[EventDate "2012.10.14"]
[EventType "team-tourn"]
[EventRounds "11"]
[EventCountry "SVK"]
[SourceTitle "EXT 2015"]
[Source "ChessBase"]
[SourceDate "2014.11.20"]
[SourceVersion "1"]
[SourceVersionDate "2014.11.20"]
[SourceQuality "1"]
[WhiteTeam "Cifer II"]
[BlackTeam "Velky Meder MSK Corvin"]
[WhiteTeamCountry "SVK"]
[BlackTeamCountry "SVK"]

1. e4 e6 2. d3 c5 3. f4 d5 4. Nd2 Nc6 5. Ngf3 Nf6 6. g3 dxe4 7. Nxe4 Nxe4 8. dxe4 Qxd1+ 9. Kxd1 Bd7 10. c3 0-0-0 11. Kc2 Be7 12. Be3 f6 13. Bh3 Kc7 14. Rhd1 Bc8 15. Rxd8 Rxd8 16. Bg4 b6 17. Re1 g6 18. Bd2 f5 19. Bh3 Bb7 20. exf5 exf5 21. Ng5 Bxg5 22. fxg5 Na5 23. Bf4+ Kd7 24. Rd1+ Ke7 25. Rxd8 Kxd8 26. Bf1 c4 27. b4 cxb3+ 28. axb3 Bd5 29. c4 Be4+ 30. Kc3 Nc6 31. b4 a5 32. b5 Nb4 33. Be3 Kc7 34. Bf2 Na2+ 35. Kb3 Nb4 36. Kc3 Na2+ 37. Kd4 Nc1 38. h4 a4 39. Kc3 a3 40. Be3 a2 41. Kb2 Nd3+ 42. Kxa2 Ne1 43. Kb3 Bg2 44. Bxg2 Nxg2 45. Bf2 Kb7 46. Kc3 f4 47. Kd3 1-0

[Event "SVK-chT3A2 0910"]
[Site "Slovakia"]
[Date "2009.11.29"]
[Round "4.1"]
[White "Kovacocy, Pavol"]
[Black "Ivan, Imrich"]
[Result "1-0"]
[WhiteElo "2241"]
[BlackElo "2079"]
[PlyCount "177"]
[EventDate "2009.10.18"]
[EventType "team-tourn"]
[EventRounds "11"]
[EventCountry "SVK"]
[SourceTitle "EXT 2011"]
[Source "ChessBase"]
[SourceDate "2010.11.26"]
[SourceVersion "1"]
[SourceVersionDate "2010.11.26"]
[SourceQuality "1"]
[WhiteTeam "Cifer"]
[BlackTeam "Velky Meder"]
[WhiteTeamCountry "SVK"]
[BlackTeamCountry "SVK"]

1. e4 e6 2. d4 d5 3. Nc3 dxe4 4. Nxe4 Nd7 5. Nf3 Ngf6 6. Nxf6+ Nxf6 7. Bd3 Be7 8. 0-0 0-0 9. Qe2 b6 10. Bg5 Bb7 11. Rad1 h6 12. Bxf6 Bxf6 13. c3 Qd5 14. Bb1 Qh5 15. Be4 Bxe4 16. Qxe4 Qd5 17. Qxd5 exd5 18. Ne5 Bxe5 19. dxe5 c6 20. f4 Rae8 21. Rfe1 g6 22. g3 Re6 23. Kg2 Rfe8 24. Rf1 f6 25. exf6 Kf7 26. Rd4 Kxf6 27. c4 dxc4 28. Rxc4 c5 29. Rf2 Re2 30. Rc2 Rxc2 31. Rxc2 Rd8 32. Kf3 h5 33. Ke3 Kf5 34. Kf3 Rd1 35. Re2 Rd3+ 36. Kf2 Rd5 37. Kg2 a5 38. Kh3 a4 39. a3 Rd3 40. Kh4 Rb3 41. Rd2 c4 42. Rc2 b5 43. Re2 Kf6 44. Rd2 c3 45. bxc3 Rxa3 46. Rd6+ Kf7 47. Rb6 Rb3 48. Kg5 a3 49. Rb7+ Kf8 50. Kxg6 Rxc3 51. Rxb5 a2 52. Rb8+ Ke7 53. Ra8 h4 54. gxh4 Rc2 55. h3 Rg2+ 56. Kf5 Rh2 57. Kg4 Kf6 58. Ra6+ Kg7 59. h5 Rg2+ 60. Kf3 Rh2 61. Kg3 Rc2 62. h4 Rb2 63. Kg4 Rg2+ 64. Kf5 Rb2 65. h6+ Kh7 66. Kg5 Rg2+ 67. Kh5 Rb2 68. Ra7+ Kh8 69. f5 Rg2 70. f6 Rf2 71. Kg6 Rg2+ 72. Kf7 Kh7 73. Ra8 Re2 74. Kf8 Rf2 75. f7 Rb2 76. Ra7 Re2 77. Ra6 Rf2 78. h5 Re2 79. Ra7 Rf2 80. Ke8 Re2+ 81. Kd8 Rd2+ 82. Kc8 Rc2+ 83. Kb8 a1Q 84. f8Q+ Qxa7+ 85. Kxa7 Ra2+ 86. Kb6 Ra6+ 87. Kb5 Rb6+ 88. Kc4 Rc6+ 89. Kd5 1-0

[Event "SVK-chT3A2 0910"]
[Site "Slovakia"]
[Date "2009.10.24"]
[Round "2.1"]
[White "Ivan, Imrich"]
[Black "Horak, Ivan"]
[Result "1-0"]
[WhiteElo "2079"]
[BlackElo "2105"]
[PlyCount "95"]
[EventDate "2009.10.18"]
[EventType "team-tourn"]
[EventRounds "11"]
[EventCountry "SVK"]
[SourceTitle "EXT 2011"]
[Source "ChessBase"]
[SourceDate "2010.11.26"]
[SourceVersion "1"]
[SourceVersionDate "2010.11.26"]
[SourceQuality "1"]
[WhiteTeam "Velky Meder"]
[BlackTeam "Holic"]
[WhiteTeamCountry "SVK"]
[BlackTeamCountry "SVK"]

1. Nf3 Nf6 2. c4 c6 3. b3 g6 4. Bb2 Bg7 5. g3 0-0 6. Bg2 d5 7. cxd5 cxd5 8. 0-0 Nc6 9. d3 Bg4 10. Ne5 Nxe5 11. Bxe5 Qd7 12. Re1 Bh3 13. Bh1 Rac8 14. Nd2 Ng4 15. Bxg7 Kxg7 16. Rc1 h5 17. Rxc8 Rxc8 18. Qa1+ Nf6 19. Rc1 Rxc1+ 20. Qxc1 Qe6 21. Bf3 Qe5 22. Nf1 Qd4 23. Ne3 e5 24. Bg2 Be6 25. h4 b5 26. Kh2 Ng4+ 27. Nxg4 hxg4 28. Kg1 b4 29. h5 Qc3 30. Qe3 a5 31. h6+ Kh7 32. Qg5 Qe1+ 33. Bf1 Qc3 34. Qf6 e4 35. d4 Kxh6 36. Qh8+ Kg5 37. Qd8+ Kf5 38. e3 Qc8 39. Qxa5 Qb8 40. Bb5 Qd6 41. Qa8 Qc7 42. Qf8 Qa5 43. Qb8 g5 44. Be8 Kf6 45. Qe5+ Ke7 46. Ba4 f6 47. Qb8 Kf7 48. Qe8+ 1-0

[Event "SVK-chT3A2 0809"]
[Site "Slovakia"]
[Date "2009.03.29"]
[Round "11.1"]
[White "Ivan, Imrich"]
[Black "Mihalik, Marek"]
[Result "1/2-1/2"]
[WhiteElo "2049"]
[BlackElo "2098"]
[PlyCount "83"]
[EventDate "2008.10.19"]
[EventType "team-tourn"]
[EventRounds "11"]
[EventCountry "SVK"]
[SourceTitle "EXT 2010"]
[Source "ChessBase"]
[SourceDate "2010.11.25"]
[SourceVersion "1"]
[SourceVersionDate "2010.11.25"]
[SourceQuality "1"]
[WhiteTeam "Velky Meder MSK Thermal"]
[BlackTeam "Piestany Kupele II"]
[WhiteTeamCountry "SVK"]
[BlackTeamCountry "SVK"]

1. Nf3 Nf6 2. d4 d5 3. Bf4 g6 4. e3 Bg7 5. Bd3 0-0 6. 0-0 c5 7. c3 b6 8. Ne5 Bb7 9. Nd2 e6 10. Ng4 Nxg4 11. Qxg4 cxd4 12. exd4 Ba6 13. Bxa6 Nxa6 14. h4 Nc7 15. h5 Ne8 16. hxg6 hxg6 17. g3 Nf6 18. Qh3 Qe7 19. Be5 Rfc8 20. Kg2 b5 21. Nb3 Nh5 22. g4 Bxe5 23. gxh5 Bg7 24. hxg6 Qg5+ 25. Kf3 Qxg6 26. Nc5 Kf8 27. Rg1 Qf6+ 28. Kg2 Ke7 29. Kf1 Bh6 30. Re1 Rg8 31. Qh1 Rxg1+ 32. Qxg1 Qg5 33. Qh2 Rc8 34. Qh3 Qf6 35. Qd3 Rb8 36. Qh7 Bg7 37. Qh2 Rc8 38. Nb7 Qf5 39. Qd6+ Kf6 40. Qg3 Rh8 41. Kg2 Qg6 42. Nc5 1/2-1/2

[Event "SVK-chT3A2 0809"]
[Site "Slovakia"]
[Date "2009.03.08"]
[Round "9.1"]
[White "Hudacek, Josef"]
[Black "Ivan, Imrich"]
[Result "1/2-1/2"]
[WhiteElo "2065"]
[BlackElo "2049"]
[PlyCount "86"]
[EventDate "2008.10.19"]
[EventType "team-tourn"]
[EventRounds "11"]
[EventCountry "SVK"]
[SourceTitle "EXT 2010"]
[Source "ChessBase"]
[SourceDate "2010.11.25"]
[SourceVersion "1"]
[SourceVersionDate "2010.11.25"]
[SourceQuality "1"]
[WhiteTeam "Skalica"]
[BlackTeam "Velky Meder MSK Thermal"]
[WhiteTeamCountry "SVK"]
[BlackTeamCountry "SVK"]

1. e4 e6 2. d3 c5 3. g3 b6 4. Bg2 Bb7 5. Ne2 d5 6. 0-0 dxe4 7. dxe4 Qxd1 8. Rxd1 Na6 9. a3 Rd8 10. Rxd8+ Kxd8 11. Nbc3 Nc7 12. Bf4 Bc6 13. b4 Nf6 14. f3 Be7 15. Rd1+ Kc8 16. Bd6 Bxd6 17. Rxd6 Kb7 18. bxc5 bxc5 19. Nc1 Nb5 20. Nxb5 Bxb5 21. Nb3 Kc7 22. Rd2 Nd7 23. f4 a5 24. e5 a4 25. Na5 Nb6 26. Rd6 Rd8 27. Rxd8 Kxd8 28. Nb7+ Kc7 29. Nxc5 Nc4 30. Bf1 Nxa3 31. Bxb5 Nxb5 32. Nxa4 Kc6 33. Kf2 Na3 34. c3 Kb5 35. Nb2 Nb1 36. Nd1 Kc4 37. Ke3 Nxc3 38. Nxc3 Kxc3 39. g4 Kc4 40. Ke4 g6 41. h4 Kc5 42. h5 Kc4 43. hxg6 hxg6 1/2-1/2

[Event "SVK-chT3A2 0809"]
[Site "Slovakia"]
[Date "2009.01.11"]
[Round "5.1"]
[White "Sekera, Branislav"]
[Black "Ivan, Imrich"]
[Result "1-0"]
[WhiteElo "2138"]
[BlackElo "2049"]
[PlyCount "77"]
[EventDate "2008.10.19"]
[EventType "team-tourn"]
[EventRounds "11"]
[EventCountry "SVK"]
[SourceTitle "EXT 2010"]
[Source "ChessBase"]
[SourceDate "2010.11.25"]
[SourceVersion "1"]
[SourceVersionDate "2010.11.25"]
[SourceQuality "1"]
[WhiteTeam "Trnava Modranka"]
[BlackTeam "Velky Meder MSK Thermal"]
[WhiteTeamCountry "SVK"]
[BlackTeamCountry "SVK"]

1. Nf3 Nf6 2. g3 g6 3. Bg2 Bg7 4. 0-0 0-0 5. d3 d5 6. c3 c6 7. Qc2 b6 8. Nbd2 Ba6 9. Re1 Nbd7 10. Nf1 Rc8 11. Bd2 e5 12. Rad1 Qc7 13. Qc1 Rfe8 14. Bh6 Bh8 15. Nh4 Ng4 16. Bd2 f5 17. f3 Ngf6 18. Bh6 Nc5 19. Bh3 Ne6 20. Bg5 Qf7 21. Bd2 Rcd8 22. Ne3 e4 23. fxe4 dxe4 24. d4 f4 25. Bxe6 Qxe6 26. gxf4 Qh3 27. Nhg2 Rd5 28. f5 g5 29. Nxd5 cxd5 30. Bxg5 Ng4 31. Qf4 h6 32. Bh4 Rf8 33. Qg3 Qxg3 34. Bxg3 Rxf5 35. h3 Nf6 36. Kh2 Bc8 37. Rf1 Rh5 38. Nf4 Ng4+ 39. Kg1 1-0

[Event "SVK-chT3A2 0607"]
[Site "Slovakia"]
[Date "2007.01.28"]
[Round "7"]
[White "Ivan, Imrich"]
[Black "Petenyi, Tamas"]
[Result "1-0"]
[WhiteElo "2034"]
[BlackElo "2125"]
[PlyCount "101"]
[EventDate "2006.10.08"]
[EventType "team-tourn"]
[EventRounds "11"]
[EventCountry "SVK"]
[SourceTitle "EXT 2008"]
[Source "ChessBase"]
[SourceDate "2007.11.25"]
[SourceVersion "1"]
[SourceVersionDate "2007.11.25"]
[SourceQuality "1"]
[WhiteTeam "Velky Meder"]
[BlackTeam "Galanta"]
[WhiteTeamCountry "SVK"]
[BlackTeamCountry "SVK"]

1. Nf3 c5 2. c4 Nc6 3. g3 g6 4. Nc3 Bg7 5. Bg2 e6 6. 0-0 Nge7 7. e3 0-0 8. d4 cxd4 9. exd4 d5 10. cxd5 exd5 11. Ne5 Nxe5 12. dxe5 d4 13. Ne2 Bxe5 14. Bf4 Bg7 15. Qb3 Nc6 16. Rfd1 Re8 17. Bf3 Qf6 18. h4 h6 19. Bxc6 Rxe2 20. Bf3 Re7 21. Re1 Be6 22. Bd5 Rd8 23. Bxe6 fxe6 24. Rad1 Qf5 25. Rd3 Kh7 26. Rf3 Qd5 27. Qa3 Rdd7 28. Bd2 a6 29. Qd3 h5 30. Bg5 Rf7 31. Rxf7 Rxf7 32. a3 e5 33. Re4 Qb5 34. Qd2 d3 35. g4 hxg4 36. Rxg4 Qd7 37. Rg2 e4 38. h5 gxh5 39. Qd1 Rf3 40. Be3 Qd5 41. Rg5 Qe6 42. Rxh5+ Kg8 43. Rg5 Qc4 44. Qf1 Rf7 45. Qg2 Rd7 46. Qg4 Qf7 47. Bd2 e3 48. fxe3 Qe8 49. e4 Kh7 50. Bc3 Bh6 51. Qf5+ 1-0

[Event "SVK-chT3A2 0607"]
[Site "Slovakia"]
[Date "2007.01.14"]
[Round "6"]
[White "Janko, Michal"]
[Black "Ivan, Imrich"]
[Result "1/2-1/2"]
[WhiteElo "2083"]
[BlackElo "2034"]
[PlyCount "83"]
[EventDate "2006.10.08"]
[EventType "team-tourn"]
[EventRounds "11"]
[EventCountry "SVK"]
[SourceTitle "EXT 2008"]
[Source "ChessBase"]
[SourceDate "2007.11.25"]
[SourceVersion "1"]
[SourceVersionDate "2007.11.25"]
[SourceQuality "1"]
[WhiteTeam "Gabcikovo"]
[BlackTeam "Velky Meder"]
[WhiteTeamCountry "SVK"]
[BlackTeamCountry "SVK"]

1. e4 e6 2. d4 d5 3. Nd2 dxe4 4. Nxe4 Nd7 5. Nf3 Ngf6 6. Nxf6+ Nxf6 7. c3 Be7 8. Bd3 0-0 9. 0-0 b6 10. Bf4 Bb7 11. Qe2 Rc8 12. Rfe1 Qd5 13. Rad1 Qh5 14. Ne5 Qxe2 15. Rxe2 Rfd8 16. Ree1 c5 17. dxc5 Bxc5 18. Bc2 h6 19. Be3 Bxe3 20. Rxe3 Rxd1+ 21. Bxd1 Ba6 22. Be2 Bxe2 23. Rxe2 Rd8 24. f3 Rd6 25. Kf2 Nd5 26. Rd2 f6 27. Ng4 Rc6 28. Ne3 Nxe3 29. Kxe3 Rc7 30. Ke4 Kf7 31. f4 g5 32. g3 Ke7 33. f5 Rc4+ 34. Rd4 Rc5 35. fxe6 Re5+ 36. Kf3 Kxe6 37. Rd8 Kf5 38. g4+ Kg6 39. Rd7 Ra5 40. a3 h5 41. h3 hxg4+ 42. hxg4 1/2-1/2